00243nam a22000977a 4500020001800000082001000018100002300028245005100051260003400102300000900136 a9788120343696 a070.4 aJames Glen Stovall aJournalism who, what, when, where, why and how aNew DelhibPHI learningc2011 a504p